| 000 | 00471nam a2200169 i 4500 | ||
|---|---|---|---|
| 001 | 140772 | ||
| 003 | ES-MaACL | ||
| 005 | 20240516063049.0 | ||
| 007 | t| | ||
| 008 | 070917s1913 xxk ||||1| eng d | ||
| 100 | 0 |
_aWells, H. G., _d1866-1946 _9116458 |
|
| 245 | 1 | 4 |
_aThe new Machiavelli / _cby H. G. Wells. |
| 260 |
_aLondon : _bWillian Cloves and sons, _c1913. |
||
| 300 |
_a228 p. ; _c18 cm. |
||
| 852 |
_aES-MaACL _jG-236 |
||
| 999 |
_c140772 _d140772 |
||